000 00427nam a2200181Ia 4500
001 12996
005 20260306163021.0
008 260306t1989||||xx |||||||||||||| ||spa||
041 _aESP
082 _aRD 616.803
_bB27
100 _aBattegay, Raymond
_eAUT
245 0 _aDiccionario de psiquiatría
260 _c1989
300 _a678 páginas :
_c24 cm.
650 _aGEN
654 _aCPS
942 _cDIC
_dJUS
_fJUS
_2ddc
_n
999 _c12996
_d12996